An anatomy of the World Trade Organization /

Bibliographic Details
Corporate Author: Hammond Suddards (Firm)
Other Authors: Adamantopoulos, Konstantinos
Format: Book
Language:English
Published: London : Kluwer Law International, 1997.
Series:Anatomy series of international institutions.
Subjects:

MARC

Tag First Indicator Second Indicator Subfields
LEADER 00000cam a22000005a 4500
001 in00001406866
005 20151020072958.0
008 980102s1997 enk 000 0 eng d
010 |a gb 98003368  
015 |a GB98-3368 
020 |a 9041107118 
020 |a 9041107355 (series) 
035 |a (OCoLC)38206976 
035 |9 AHQ3829AM 
040 |a UKM  |c UKM  |d ZBL  |d TXA  |d UtOrBLW 
049 |a TXAM 
090 |a K4600  |b .A73 1997 
245 0 3 |a An anatomy of the World Trade Organization /  |c edited by Konstantinos Adamantopoulos. 
264 1 |a London :  |b Kluwer Law International,  |c 1997. 
300 |a x, 169 pages ;  |c 25 cm. 
336 |a text  |b txt  |2 rdacontent 
337 |a unmediated  |b n  |2 rdamedia 
338 |a volume  |b nc  |2 rdacarrier 
490 1 |a The anatomy series of international institutions 
500 |a At foot of title: Hammond Suddards, Solicitors. 
610 2 4 |a World Trade Organization. 
610 2 4 |a General Agreement on Tariffs and Trade (Organisation) 
610 2 0 |a World Trade Organization. 
610 2 0 |a General Agreement on Tariffs and Trade (Organization) 
700 1 |a Adamantopoulos, Konstantinos. 
710 2 |a Hammond Suddards (Firm) 
830 0 |a Anatomy series of international institutions. 
948 |a c:en 
999 |a MARS 
999 f f |s 7e8c549b-5a3a-3a7d-a582-4b50d5465959  |i af689693-afae-37eb-a8d9-c4a107682511  |t 0 
952 f f |p ric  |a Texas A&M University  |b Rellis Campus  |c Joint Library Facility  |d Remote Storage  |t 0  |e K4600 .A73 1997  |h Library of Congress classification  |i unmediated -- volume  |m A14822483035 
998 f f |a K4600 .A73 1997  |t 0  |l Remote Storage